00539cam a22002291 4500001001300000003000400013005001700017008004100034010001700075025001900092035002000111040002100131042001200152050001600164100001900180245001500199260001000214300002400224500001600248650002800264999001700292sa 66006322 DLC20260227112255.0940805s1965 ii a 000 1 pano  asa 66006322  aPL480:I-Pu-730 a(OCoLC)30890903 aDLCcCUdCUdDLC apremarc00aPK2658b.R80 aRūpa Lāla.10aWannagī. c1965. a71 p.bill.c23 cm. aIn Panjabi. 0aShort stories, Panjabi. c70464d70464